| 000 | 00678nmm a2200253 a 4500 | ||
|---|---|---|---|
| 003 | AR-X00000XY | ||
| 005 | 20251128211914.0 | ||
| 008 | 137020s2004 ||||||||||||||000 | spa|| | ||
| 020 | _a958-33-5855-X | ||
| 040 | _cAR-X00000XY | ||
| 100 | 1 | _aPeñaranda Madera, Saúl | |
| 245 | 1 | 0 |
_aEl cantar de Colombia _bpoemario |
| 250 | _a1ª ed. | ||
| 260 |
_a[Guajira] _bFondo Mixto de Cultura _c2004 |
||
| 300 | 0 | _a200 p. | |
| 500 | 0 | _aDonación de la Embajada de Colombia en Buenos Aires | |
| 650 | 4 | _aPOESIAS | |
| 650 | 4 | _aLITERATURA LATINOAMERICANA | |
| 651 | 4 | _aColombia | |
| 653 | 0 | _aLITERATURA COLOMBIANA | |
| 655 | _aLITERATURA | ||
| 942 | _cBK | ||
| 998 | _cNancy | ||
| 999 |
_c21565 _d21565 |
||